[Event "Olympiad-44"]
[Site "Chennai"]
[Date "2022.07.31"]
[Round "3.2"]
[White "Burgos Figueroa, Carlos Ernesto"]
[Black "Adu Poku, Kwabena"]
[Result "0-1"]
[WhiteElo "2164"]
[BlackElo "1974"]
[PlyCount "128"]
[EventDate "2022.07.29"]
[EventType "team-swiss"]
[EventRounds "11"]
[EventCountry "IND"]
[SourceTitle "CBM 210"]
[Source "ChessBase"]
[SourceDate "2022.10.31"]
[SourceVersion "1"]
[SourceVersionDate "2022.10.31"]
[SourceQuality "1"]
[WhiteTeam "El Salvador"]
[BlackTeam "Ghana"]
[WhiteTeamCountry "ESA"]
[BlackTeamCountry "GHA"]

1. e4 c5 2. Nf3 Nc6 3. Bb5 g6 4. 0-0 Bg7 5. Re1 e5 6. a4 Nge7 7. Nc3 0-0 8. d3 h6 9. Bc4 d6 10. Nd5 Be6 11. c3 Kh7 12. Ne3 d5 13. exd5 Nxd5 14. Nxd5 Bxd5 15. Bb5 Qd6 16. Qe2 Rfe8 17. Nd2 a6 18. Bc4 f5 19. h4 Rad8 20. h5 Bxc4 21. hxg6+ Kh8 22. dxc4 Qxg6 23. Nf1 Bf6 24. Ng3 Rg8 25. Qf3 f4 26. Nf1 Rd3 27. Qe4 Qxe4 28. Rxe4 Rd1 29. b4 cxb4 30. cxb4 Nxb4 31. Bb2 Rxa1 32. Bxa1 Nc6 33. g3 Kg7 34. Kg2 Kg6 35. Kf3 fxg3 36. Nxg3 Rd8 37. Ke2 Nd4+ 38. Bxd4 Rxd4 39. Ke3 Bg5+ 40. Ke2 Bf4 41. Rxd4 exd4 42. Ne4 b6 43. Kd3 Be5 44. Nd2 Kf5 45. Nf3 h5 46. Nh4+ Ke6 47. Ke4 Bf6 48. Ng6 h4 49. Nf4+ Kd6 50. Nd3 h3 51. Kf3 Be5 52. Nb4 Kc5 53. Nd3+ Kxc4 54. Nxe5+ Kc3 55. Kg3 d3 56. Nxd3 Kxd3 57. Kxh3 b5 58. f4 Ke4 59. axb5 axb5 60. Kg4 b4 61. f5 Ke5 62. Kg5 b3 63. f6 Ke6 64. Kg6 b2 0-1

[Event "Tema op 7th"]
[Site "Tema"]
[Date "2022.01.09"]
[Round "6"]
[White "Mills Pappoe, Benjamin Adoayi"]
[Black "Adu Poku, Kwabena"]
[Result "0-1"]
[WhiteElo "1665"]
[BlackElo "1966"]
[PlyCount "76"]
[EventDate "2022.01.07"]
[EventType "swiss"]
[EventRounds "7"]
[EventCountry "GHA"]
[SourceTitle "EXT 2023"]
[Source "ChessBase"]
[SourceDate "2022.10.05"]
[SourceVersion "1"]
[SourceVersionDate "2022.10.05"]
[SourceQuality "1"]

1. e4 c5 2. Nf3 Nc6 3. d4 cxd4 4. Nxd4 Nf6 5. Nc3 e5 6. Ndb5 d6 7. Bg5 a6 8. Na3 b5 9. Nd5 Be7 10. Be3 Rb8 11. f3 0-0 12. Nxe7+ Nxe7 13. Qd2 d5 14. Bg5 dxe4 15. Qxd8 Rxd8 16. Bxf6 gxf6 17. fxe4 f5 18. Bd3 fxe4 19. Bxe4 f5 20. Bf3 e4 21. Rd1 Be6 22. Be2 Nd5 23. 0-0 Ne3 24. Rxd8+ Rxd8 25. Re1 Rd2 26. Bxb5 axb5 27. Rxe3 b4 28. Nb5 Bc4 29. Rg3+ Kf8 30. Rg5 Rd1+ 31. Kf2 Rf1+ 32. Ke3 Bxb5 33. g4 Bd7 34. gxf5 Bxf5 35. Rg2 Kf7 36. Rd2 Rf3+ 37. Ke2 Bg4 38. Rd3 Rxd3+ 0-1

[Event "Tema op 7th"]
[Site "Tema"]
[Date "2022.01.08"]
[Round "5"]
[White "Adu Poku, Kwabena"]
[Black "Ofowino, Toritsemuwa"]
[Result "0-1"]
[WhiteElo "1966"]
[BlackElo "1863"]
[PlyCount "64"]
[EventDate "2022.01.07"]
[EventType "swiss"]
[EventRounds "7"]
[EventCountry "GHA"]
[SourceTitle "EXT 2023"]
[Source "ChessBase"]
[SourceDate "2022.10.05"]
[SourceVersion "1"]
[SourceVersionDate "2022.10.05"]
[SourceQuality "1"]

1. d4 d5 2. c4 c6 3. Nc3 Nf6 4. e3 a6 5. Nf3 Bf5 6. Qb3 Ra7 7. Nh4 Bc8 8. cxd5 cxd5 9. Bd3 e6 10. Nf3 Nc6 11. 0-0 Bd6 12. Bd2 0-0 13. Rfc1 Na5 14. Qd1 Nc4 15. Rc2 b5 16. Qe2 Bd7 17. a4 Nxd2 18. Nxd2 b4 19. Nd1 a5 20. b3 Qb8 21. Nf3 Rc8 22. Rac1 Rxc2 23. Rxc2 Rc7 24. Nb2 Rc3 25. Rxc3 bxc3 26. Nd1 Qxb3 27. Bc2 Qa3 28. Ne5 Bxa4 29. Nxc3 Qc1+ 30. Bd1 Bxd1 31. Nxd1 Bxe5 32. dxe5 Ne4 0-1

[Event "Tema op 7th"]
[Site "Tema"]
[Date "2022.01.07"]
[Round "1"]
[White "Adu Poku, Kwabena"]
[Black "Koney, Nii Koney Kwaku"]
[Result "1-0"]
[WhiteElo "1966"]
[BlackElo "1603"]
[PlyCount "75"]
[EventDate "2022.01.07"]
[EventType "swiss"]
[EventRounds "7"]
[EventCountry "GHA"]
[SourceTitle "EXT 2023"]
[Source "ChessBase"]
[SourceDate "2022.10.05"]
[SourceVersion "1"]
[SourceVersionDate "2022.10.05"]
[SourceQuality "1"]

1. d4 d5 2. c4 e6 3. Nf3 h6 4. Nc3 Nf6 5. g3 b6 6. cxd5 exd5 7. Bg2 Be7 8. 0-0 0-0 9. Bf4 Bd6 10. Be5 a6 11. Bxf6 Qxf6 12. Nxd5 Qd8 13. e4 c6 14. Ne3 Ra7 15. Qc2 a5 16. a3 Re7 17. e5 Bc7 18. Rfd1 Be6 19. Qc3 f6 20. Nh4 Qe8 21. Be4 Bf7 22. Nhf5 Re6 23. f4 fxe5 24. dxe5 Bg6 25. Rd2 Kh8 26. Rad1 c5 27. Nd6 Bxd6 28. Bxg6 Qxg6 29. Rxd6 Rxd6 30. Rxd6 Qe4 31. Rxb6 Nc6 32. Qxc5 Rd8 33. Rxc6 Qb1+ 34. Nf1 Rd2 35. Qc4 Kh7 36. Rc8 Qe1 37. Qg8+ Kg6 38. Qe6+ 1-0

[Event "Online Olym Div3 E"]
[Site "Chess.com INT"]
[Date "2021.08.29"]
[Round "7.2"]
[White "Adu Poku, Kwabena"]
[Black "Eichab, Charles Sidney"]
[Result "1-0"]
[WhiteElo "1925"]
[BlackElo "2029"]
[PlyCount "67"]
[EventDate "2021.08.27"]
[EventType "team-tourn (rapid)"]
[EventRounds "9"]
[EventCountry "USA"]
[SourceTitle "CBM 204 Extra"]
[Source "ChessBase"]
[SourceDate "2021.11.30"]
[SourceVersion "1"]
[SourceVersionDate "2021.11.30"]
[SourceQuality "1"]
[WhiteTeam "Ghana"]
[BlackTeam "Namibia"]
[WhiteTeamCountry "GHA"]
[BlackTeamCountry "NAM"]

1. e4 c5 2. Nf3 d6 3. Bb5+ Nd7 4. c3 Ngf6 5. Qe2 a6 6. Ba4 b5 7. Bc2 e5 8. 0-0 Be7 9. d4 0-0 10. Rd1 Qc7 11. a4 b4 12. a5 Bb7 13. dxe5 Nxe5 14. Bg5 h6 15. Bh4 Rfe8 16. Nbd2 bxc3 17. bxc3 Bc6 18. Nxe5 dxe5 19. Bd3 Nxe4 20. Nxe4 Bxh4 21. Nxc5 e4 22. Nxa6 Qe5 23. Bc4 Be7 24. Nb4 Bd6 25. g3 Rec8 26. Nxc6 Rxc6 27. Bd5 Rxc3 28. Bxa8 e3 29. f4 Qc5 30. Be4 Qc4 31. Qxc4 Rxc4 32. Bd3 Rd4 33. Bh7+ Kxh7 34. Rxd4 1-0

[Event "Online Olym Div3 E"]
[Site "Chess.com INT"]
[Date "2021.08.28"]
[Round "6.5"]
[White "Adu Poku, Kwabena"]
[Black "Ortiz, Marcos"]
[Result "0-1"]
[WhiteElo "1925"]
[BlackElo "2252"]
[PlyCount "86"]
[EventDate "2021.08.27"]
[EventType "team-tourn (rapid)"]
[EventRounds "9"]
[EventCountry "USA"]
[SourceTitle "CBM 204 Extra"]
[Source "ChessBase"]
[SourceDate "2021.11.30"]
[SourceVersion "1"]
[SourceVersionDate "2021.11.30"]
[SourceQuality "1"]
[WhiteTeam "Ghana"]
[BlackTeam "Nicaragua"]
[WhiteTeamCountry "GHA"]
[BlackTeamCountry "NCA"]

1. d4 Nf6 2. Nf3 g6 3. g3 Bg7 4. Bg2 0-0 5. 0-0 d6 6. b3 Nbd7 7. Bb2 c6 8. Re1 Qc7 9. e4 e5 10. c4 Re8 11. dxe5 dxe5 12. Nc3 Nc5 13. b4 Rd8 14. Qe2 Nd3 15. Red1 Nxb2 16. Qxb2 Bg4 17. h3 Bxf3 18. Bxf3 Rd4 19. Qb3 Rad8 20. Ne2 R4d7 21. c5 h5 22. h4 Nh7 23. Kg2 Nf8 24. g4 hxg4 25. Bxg4 Rxd1 26. Rxd1 Qe7 27. Rxd8 Qxd8 28. Kh3 Qd2 29. a4 Bf6 30. h5 Qe1 31. Qf3 Nh7 32. Kg2 Qxb4 33. hxg6 fxg6 34. Be6+ Kg7 35. Qd3 Qxc5 36. Ng3 Qe7 37. Bb3 Ng5 38. Qc4 Nf7 39. a5 a6 40. f3 Bh4 41. Ne2 Nh6 42. Nc3 Qg5+ 43. Kf1 Qe3 0-1

[Event "Online Olym Div4 D"]
[Site "Chess.com INT"]
[Date "2021.08.21"]
[Round "7.2"]
[White "Bongo Akanga Ndjila, Barthelemy"]
[Black "Adu Poku, Kwabena"]
[Result "0-1"]
[WhiteElo "1803"]
[BlackElo "1925"]
[PlyCount "78"]
[EventDate "2021.08.20"]
[EventType "team (rapid)"]
[EventRounds "11"]
[EventCountry "USA"]
[SourceTitle "CBM 203 Extra"]
[Source "ChessBase"]
[SourceDate "2021.09.30"]
[SourceVersion "1"]
[SourceVersionDate "2021.09.30"]
[SourceQuality "1"]
[WhiteTeam "Gabun"]
[BlackTeam "Ghana"]
[WhiteTeamCountry "GAB"]
[BlackTeamCountry "GHA"]

1. d4 Nf6 2. c4 c5 3. d5 b5 4. cxb5 a6 5. bxa6 g6 6. Nc3 Bg7 7. e4 d6 8. Nf3 0-0 9. Bb5 Nxe4 10. Bd2 Nxd2 11. Qxd2 Qa5 12. a4 Bxa6 13. Ra3 Bxc3 14. Rxc3 Bxb5 15. axb5 Qxb5 16. Qc1 Ra2 17. Rc4 Qa5+ 18. Ke2 Qb5 19. Rd1 Rxb2+ 20. Ke1 Na6 21. Qf4 Qa5+ 22. Kf1 Qa2 23. Rd2 Rfb8 24. Ra4 Qb1+ 25. Ke2 Rxd2+ 26. Nxd2 Qb5+ 27. Rc4 Nc7 28. Kf3 Nxd5 29. Qe4 Qb7 30. Kg3 Nf6 31. Qe3 Nh5+ 32. Kh4 Qd5 33. g4 Ng7 34. f4 h5 35. h3 hxg4 36. hxg4 Rb2 37. Nf3 Qxc4 38. Qxe7 Nf5+ 39. gxf5 Qxf4+ 0-1